000
00303nam a22001217a 4500
003
OSt
008
150501b xxu||||| |||| 00| 0 eng d
041
_a
eng
245
1
0
_a
World Postal Stationery Catalog, A
260
_a
Pasadena, CA
_b
Higgins & Gage, Inc.
300
_a
0 pages
700
1
_a
Fladung, Edward G.
999
_c
1366
_d
1366